El plancton de las aguas continentales
Uloženo v:
| Hlavní autor: | |
|---|---|
| Médium: | Kniha |
| Jazyk: | španělština |
| Vydáno: |
Washington, D.C
OEA
1988
|
| Edice: | Serie de Biología: Monografía - OEA, 33
|
| Témata: | |
| Tagy: |
Přidat tag
Žádné tagy, Buďte první, kdo vytvoří štítek k tomuto záznamu!
|
MARC
| LEADER | 00000nam a2200000 a 4500 | ||
|---|---|---|---|
| 001 | UCV6968 | ||
| 003 | CL-VaPUC | ||
| 008 | 881129e19880000US |||||||||||||||||spa|d | ||
| 082 | 0 | 4 | |a 577.7 |b GON |2 21 |
| 100 | 0 | |a González de Infante, Aída |e author |9 300948 | |
| 245 | 1 | 3 | |a El plancton de las aguas continentales |
| 300 | |a 130 p | ||
| 942 | |c BK | ||
| 945 | |d 19881129 00:00:00 | ||
| 260 | |a Washington, D.C |b OEA |c 1988 | ||
| 650 | 0 | |a Plancton |9 261727 | |
| 583 | |a last modification |c 19881129 00:00:00 |k Rodrigo Vera | ||
| 490 | 0 | |a Serie de Biología: Monografía - OEA, 33 | |
| 999 | |c 212738 |d 212736 | ||
| 952 | |0 0 |1 0 |4 0 |6 577_700000000000000_GON_1988 |7 0 |8 A |9 194274 |a BIBCUR |b BIBCUR |d 2019-11-14 |i 2624710 |o 577.7 GON 1988 |p 2624710 |r 2025-04-22 |w 2019-11-14 |y BK |k BCB | ||